000 02516cad a22002775a 4500
001 L145189
008 080915e20080910xxk f lf000 0 eng d
035 _a(Sirsi) u145189
041 0 _aeng
050 0 4 _a306.1 $2 18
110 2 _aUnited Kingdom
_kLaws, etc.
_95044
245 0 4 _aThe Housing (Right to Manage) (England) Regulations 2008
_h[electronic resource]
260 _aLondon
_bOPSI
_c2008
490 0 _aSI
_v2008: 2361
505 2 _aGeneral provisions: citation, commencement and application; partial revocation of the Housing (Right to Manage) Regulations 1994; interpretation; definition and general duties of tenant management organisation; agreement for extension of time; security of ballot; written communications; disputes between authorities and TMOs -- Initiating the process stage: proposal notices; consultation and membership requirements relevant to proposal notices; acceptance and refusal of proposal notices; authority support following proposal notice
505 2 _aFeasibility and development stage: feasibility study; appointment of approved assessor to assess competence of TMO; offer to tenants -- Implementation stage: duty to enter into management agreement; incorporation of TMO
505 2 _aOther provisions relating to TMOs: guidance by Secretary of State; break clause in other housing management agreements; participation by authority in TMOs; agreements entered into voluntarily -- Transitional provisions: general transitional provision; proposal notices served under the 1994 Regulations; local authority support following proposal notice; subsequent procedure in relation to regulation 2 notices
520 _aLegislation allows for a procedure to enable tenant management organisations (TMOs) to enter into agreements with local housing authorities to provide housing management services. It sets out: what TMOs are; the criteria they must meet to take over housing management services and clarifies what assistance local housing authorities must provide during any transition of control. The appointment of an approved assessor is also stipulated for the assessment of the feasiblity of TMO proposals. Comes into force 1 October 2008.
521 _aAdvanced
590 _aKA NTK
650 2 4 _aHOUSING (RIGHT TO MANAGE) (ENGLAND) REGULATIONS 2008
651 4 _aEngland and Wales
_y1543-
690 _aBlock management
_96220
856 4 0 _uhttps://www.opsi.gov.uk/si/si2008/uksi_20082361_en_1
_zView the item free of charge at www.opsi.gov.uk...
942 _n0
999 _c108715
_d108715